| 000 | 03255nam0a2200445 4500 | ||
|---|---|---|---|
| 001 | RU\NLR\bibl\1458576 | ||
| 005 | 20260406041835.0 | ||
| 010 |
_a978-5-8268-1289-1 _9500 |
||
| 021 |
_aRU _b2009-85248 _95364 |
||
| 035 | _a(NLR Aleph) 001450356 | ||
| 090 |
_a1519176 _c1519176 |
||
| 100 | _a20100111d2008 |||y0rusy50 ca | ||
| 101 | 0 |
_arus _ceng |
|
| 102 | _aRU | ||
| 105 | _aa ||||||||| | ||
| 200 | 1 |
_aКультура народов и национальных групп Сибири и Казахстана _dThe culture of peoples and nationalgroups of Siberia and Kazakhstan _eв коллекциях Музея археологии и этнографии Омского государственного университета имени Ф. М. Достоевского. Новые поступления _zeng _fА. Н. Блинова, М. А. Корусенко, М. Н. Тихомирова _gотв. ред.: д. ист. н. Н. А. Томилов, к. ист. н. М. А. Корусенко _gРос. акад. наук, Сиб. отд-ние, Ин-т археологии и этнографии, Омск. фил. [и др.] |
|
| 210 |
_aНовосибирск _cПолиграфист _d2008 |
||
| 215 |
_a269, [2] с. _cил. _d21 |
||
| 225 | 1 |
_aКультура народов мира в этнографических собраниях российских музеев _fгл. ред.: акад., д. ист. н. Н. А. Томилов (гл. ред.) [и др.] |
|
| 300 | _aАвт. также на англ. яз.: A. N. Blinova, M. A. Korusenko, M. N. Tikomirova | ||
| 300 | _aВ надзаг. также: М-во образования и науки Рос. Федерации, Омск. гос. ун-т им. Ф. М. Достоевского, М-во культуры Рос. Федерации, Рос. ин-т культурологии, Сиб. фил. | ||
| 300 | _aРез. на англ. яз. | ||
| 320 | _aБиблиогр. в подстроч. примеч. | ||
| 320 | _aУказатели: предметный, именной дарителей, именной собирателей, геогр.: с. 256-264 | ||
| 510 | 1 |
_6z33790 _aThe culture of peoples and nationalgroups of Siberia and Kazakhstan _zeng |
|
| 606 | 1 |
_aНароды Сибири _xЭтнографические коллекции _yОмск, город _92435169 _3RU\NLR\auth\661449130 |
|
| 606 | 1 |
_aНароды Казахстана _xЭтнографические коллекции _yОмск, город _92435171 _3RU\NLR\auth\661449131 |
|
| 686 | _aТ52(251)л6 | ||
| 686 | _aТ52(257)л6 | ||
| 700 | 1 |
_4070 _8rus _7ca _aБлинова _bА. Н. _gАнна Николаевна _3RU\NLR\AUTH\7784775 _967703 |
|
| 701 | 1 |
_4070 _8rus _7ca _aКорусенко _bМ. А. _gМихаил Андреевич _3RU\NLR\AUTH\772188 _9112204 |
|
| 701 | 1 |
_4070 _8rus _7ca _aТихомирова _bМ. Н. _cисторик _f1977- _gМарина Николаевна _3RU\NLR\AUTH\7759029 _941961 |
|
| 790 | 1 |
_4070 _8rus _7ba _aBlinova _bA. N. _gAnna Nikolaevna _3RU\NLR\AUTH\7784785 _967713 |
|
| 801 | 0 |
_aRU _bNLR _c20100111 _gRCR |
|
| 801 | 1 |
_aRU _bNLR _c20100111 |
|
| 830 | _aавт. по кн. | ||
| 942 | _cBOOK | ||
| 980 | _aNB | ||